| 000 | 00505nam a2200205Ia 4500 | ||
|---|---|---|---|
| 003 | OSt | ||
| 005 | 20230516102304.0 | ||
| 008 | 210423s2012 xx 000 0 und d | ||
| 020 | _a9788170356707 | ||
| 040 | _cAL | ||
| 041 | _aeng | ||
| 082 |
_a664.07 KHEN _223 |
||
| 100 |
_aKHETARPAUL (Neelam);others. _9104699 |
||
| 245 | _aFood analysis. | ||
| 260 |
_aNew Delhi _bDaya Publishing House _c2012 |
||
| 300 |
_aviii,315 _bPB |
||
| 365 |
_b900 _cINR |
||
| 906 | _aanalysis. ; Food | ||
| 942 |
_2ddc _cBK |
||
| 999 |
_c164776 _d164776 |
||